Rokovania o platbách v plnom prúde

Bibliographic Details
Main Author: (vam) (Author)
Format: Article
Language:Slovak
ISSN:1335-4477
Subjects:

MARC

LEADER 00000nab a2200000 a 4500
001 vtls000782912
003 SK-MaSNL
005 20260304231932.0
008 140303c2002 xo 0 slo
015 |a SNBRB2002/02-04288 
035 |a CLN000134623 
040 |a SNKBUCL  |b slo  |c SNKBUCL  |e AACR2 
041 0 |a slo 
044 |a xo  |c SK 
080 |a 368.415.031/.032(437.6):614.2  |2 1997 
080 |a 614.2(437.6)  |2 1997 
100 0 |a (vam)  |4 aut  |9 839641 
245 1 0 |a Rokovania o platbách v plnom prúde  |c [autor] (vam) 
650 0 7 |a poisťovne zdravotné  |x zariadenia zdravotnícke  |z Slovensko  |x zmluvy  |2 snkbucl  |9 1566036 
650 0 7 |a zdravotnícke zariadenia  |2 snkbucl  |9 3009 
650 0 7 |a zdravotná starostlivosť  |2 snkbucl  |9 1303 
655 7 |a články z novín a časopisov  |2 snkbucl  |9 267496 
773 0 |t Zdravotnícke noviny  |g Roč. 7, č. 3 (2002), s. 1 a 2  |x 1335-4477 
850 |a Slovenská národná knižnica v Martine 
852 |a SNK  |b KIS3GCP 
958 |a MI 
958 |a SK 
992 |a RBX 
999 |c 3191321  |d 3193251